Spectral analysis in engineering : (Record no. 7089)
[ view plain ]
| 000 -LEADER | |
|---|---|
| fixed length control field | 01407cam a2200373 a 4500 |
| 001 - CONTROL NUMBER | |
| control field | 12446116 |
| 003 - CONTROL NUMBER IDENTIFIER | |
| control field | OSt |
| 005 - DATE AND TIME OF LATEST TRANSACTION | |
| control field | 20210902125643.0 |
| 008 - FIXED-LENGTH DATA ELEMENTS--GENERAL INFORMATION | |
| fixed length control field | 860101s1995 enka 001 0 eng |
| 010 ## - LIBRARY OF CONGRESS CONTROL NUMBER | |
| LC control number | 2001347716 |
| 015 ## - NATIONAL BIBLIOGRAPHY NUMBER | |
| National bibliography number | GB 95-84603 |
| 020 ## - INTERNATIONAL STANDARD BOOK NUMBER | |
| International Standard Book Number | 0340631716 |
| 035 ## - SYSTEM CONTROL NUMBER | |
| System control number | CURL **990340631716**(BLi) from jgc00849 |
| 035 ## - SYSTEM CONTROL NUMBER | |
| System control number | (UkOxU)UkOxUb11944723 |
| 040 ## - CATALOGING SOURCE | |
| Original cataloging agency | DLC |
| Transcribing agency | DDC |
| Modifying agency | DLC |
| 042 ## - AUTHENTICATION CODE | |
| Authentication code | lccopycat |
| 050 00 - LIBRARY OF CONGRESS CALL NUMBER | |
| Classification number | TA331 |
| Item number | .H43 1995 |
| 082 00 - DEWEY DECIMAL CLASSIFICATION NUMBER | |
| Classification number | 621.361HEA1995 |
| 100 1# - MAIN ENTRY--PERSONAL NAME | |
| Personal name | Hearn, Grant E. |
| 9 (RLIN) | 14592 |
| 245 10 - TITLE STATEMENT | |
| Title | Spectral analysis in engineering : |
| Remainder of title | concepts and cases / |
| Statement of responsibility, etc. | Edited by Hearn,Grant E. and Metcalfe,Andrew V. |
| 260 ## - PUBLICATION, DISTRIBUTION, ETC. (IMPRINT) | |
| Place of publication, distribution, etc. | London : |
| Name of publisher, distributor, etc. | Arnold, |
| Date of publication, distribution, etc. | 1995. |
| 300 ## - PHYSICAL DESCRIPTION | |
| Extent | xii, 307 p : |
| Other physical details | ill ; |
| Dimensions | 26 cm. |
| 504 ## - BIBLIOGRAPHY, ETC. NOTE | |
| Bibliography, etc | Includes bibliographical references and index. |
| 650 #0 - SUBJECT ADDED ENTRY--TOPICAL TERM | |
| Topical term or geographic name as entry element | Physics |
| 9 (RLIN) | 809 |
| 650 #0 - SUBJECT ADDED ENTRY--TOPICAL TERM | |
| Topical term or geographic name as entry element | Engineering mathematics |
| Form subdivision | Case studies. |
| 9 (RLIN) | 14594 |
| 650 #0 - SUBJECT ADDED ENTRY--TOPICAL TERM | |
| Topical term or geographic name as entry element | Spectral theory (Mathematics) |
| 9 (RLIN) | 14596 |
| 650 #0 - SUBJECT ADDED ENTRY--TOPICAL TERM | |
| Topical term or geographic name as entry element | Spectral theory (Mathematics) |
| Form subdivision | Case studies. |
| 9 (RLIN) | 14598 |
| 700 1# - ADDED ENTRY--PERSONAL NAME | |
| Personal name | Metcalfe, Andrew V. |
| 9 (RLIN) | 14599 |
| 856 42 - ELECTRONIC LOCATION AND ACCESS | |
| Materials specified | Publisher description |
| Uniform Resource Identifier | <a href="http://www.loc.gov/catdir/description/els031/2001347716.html">http://www.loc.gov/catdir/description/els031/2001347716.html</a> |
| 856 41 - ELECTRONIC LOCATION AND ACCESS | |
| Materials specified | Table of contents |
| Uniform Resource Identifier | <a href="http://www.loc.gov/catdir/toc/fy032/2001347716.html">http://www.loc.gov/catdir/toc/fy032/2001347716.html</a> |
| 906 ## - LOCAL DATA ELEMENT F, LDF (RLIN) | |
| a | 7 |
| b | cbc |
| c | copycat |
| d | 3 |
| e | ncip |
| f | 20 |
| g | y-gencatlg |
| 942 ## - ADDED ENTRY ELEMENTS (KOHA) | |
| Source of classification or shelving scheme | Dewey Decimal Classification |
| Koha item type | Open Shelf |
| Withdrawn status | Lost status | Source of classification or shelving scheme | Damaged status | Not for loan | Home library | Current library | Date acquired | Source of acquisition | Inventory number | Total Checkouts | Full call number | Barcode | Date last seen | Price effective from | Koha item type |
|---|---|---|---|---|---|---|---|---|---|---|---|---|---|---|---|
| Dewey Decimal Classification | MUST Main Library | MUST Main Library | 02/09/2021 | donation | 05/23269 | 621.361HEA1995 | 2021-0795 | 02/09/2021 | 02/09/2021 | Open Shelf |
